Statistiques concernant Pokémon - Tous les Pokémon (Première génération)

Cliquez ici pour prendre le quiz!

Statistiques générales

  • Ce quiz a été pris 14 fois
  • Le résultat moyen est 92 sur 151

Statistiques - réponses

NuémroPokémon% Correct
13Aspicot
92%
1Bulbizarre
92%
8Carabaffe
92%
7Carapuce
92%
10Chenipan
92%
11Chrysacier
92%
14Coconfort
92%
15Dardargnan
92%
6Dracaufeu
92%
148Draco
92%
149Dracolosse
92%
3Florizarre
92%
2Herbizarre
92%
151Mew
92%
147Minidraco
92%
25Pikachu
92%
5Reptincel
92%
18Roucarnage
92%
16Roucool
92%
17Roucoups
92%
4Salamèche
92%
9Tortank
92%
144Artikodin
83%
130Léviator
83%
66Machoc
83%
67Machopeur
83%
129Magicarpe
83%
150Mewtwo
83%
12Papilusion
83%
21Piafabec
83%
26Raichu
83%
22Rapasdepic
83%
145Sulfura
83%
63Abra
75%
49Aéromite
75%
65Alakazam
75%
134Aquali
75%
146Electhor
75%
133Evoli
75%
38Feunard
75%
37Goupix
75%
75Gravalanch
75%
76Grolem
75%
64Kadabra
75%
68Mackogneur
75%
48Mimitoss
75%
34Nidoking
75%
31Nidoqueen
75%
32Nidoran
75%
30Nidorina
75%
33Nidorino
75%
136Pyroli
75%
74Racaillou
75%
135Voltali
75%
100Voltorbe
75%
23Abo
67%
24Arbock
67%
70Boustiflor
67%
94Ectoplasma
67%
125Elektek
67%
71Empiflor
67%
92Fantominus
67%
40Grodoudou
67%
126Magmar
67%
36Mélodelfe
67%
35Mélofée
67%
52Miaouss
67%
43Mystherbe
67%
44Ortide
67%
53Persian
67%
45Rafflesia
67%
19Rattata
67%
20Rattatac
67%
39Rondoudou
67%
143Ronflex
67%
27Sabelette
67%
28Sablaireau
67%
109Smogo
67%
110Smogogo
67%
93Spectrum
67%
138Amonita
58%
59Arcanin
58%
58Caninos
58%
69Chétiflor
58%
101Electrode
58%
115Kangourex
58%
113Leveinard
58%
81Magnéti
58%
82Magnéton
58%
42Nosferalto
58%
41Nosferapti
58%
46Paras
58%
47Parasect
58%
120Stari
58%
121Staross
58%
139Amonistar
50%
57Colossinge
50%
56Férosinge
50%
89Grotadmorv
50%
123Insécateur
50%
140Kabuto
50%
141Kabutops
50%
124Lippoutou
50%
118Poissirène
50%
137Porygon
50%
111Rhinocorne
50%
112Rhinoféros
50%
114Saquedeneu
50%
88Tadmorv
50%
128Tauros
50%
107Tygnon
50%
78Galopa
42%
117Hypocéan
42%
116Hypotrempe
42%
106Kicklee
42%
131Lokhlass
42%
95Onix
42%
119Poissoroy
42%
77Ponyta
42%
142Ptéra
42%
85Dodrio
33%
84Doduo
33%
108Excelangue
33%
97Hypnomade
33%
87Lamantine
33%
132Métamorph
33%
103Noadkoko
33%
102Noeunoeuf
33%
105Ossatueur
33%
104Osselait
33%
86Otaria
33%
127Scarabrute
33%
96Soporifik
33%
50Taupiqueur
33%
72Tentacool
33%
73Tentacruel
33%
55Akwakwak
25%
83Canarticho
25%
91Crustabri
25%
90Kokiyas
25%
99Krabboss
25%
98Krabby
25%
122M.Mime
25%
54Psykokwak
25%
60Ptitard
25%
62Tartard
25%
61Têtarte
25%
51Triopikeur
25%
80Flagadoss
17%
79Ramoloss
17%
29Nirodan
0%

Distribution des résultats

Percentile par nombre de réponses

% des personnes avec chaque résultat

Votre développement - résultats

Vous n’avez pas pris ce quiz